Organizačné aspekty implementácie projektového riadenia v priemyselných podnikoch

Organizačné aspekty prechodu riadenia priemyselných podnikov na systém projektového riadenia. Problémy skúmaných podnikov ovplyvňujúce výber organizačných aspektov implementácie. Predpokladané prínosy a riziká plynúce z implementácie projektového riadenia.

Salvato in:
Dettagli Bibliografici
Autore principale: Trenčan, Branislav
Altri autori: Halada, Peter
Natura: Capitolo di libro
Lingua:slovacco
Soggetti:
Tags: Aggiungi Tag
Nessun Tag, puoi essere il primo ad aggiungerne!!

MARC

LEADER 00000naa$a2200000$$$4500
001 0052057
005 20231107074041.7
041 0 |a slo 
044 |a SK 
245 1 0 |a Organizačné aspekty implementácie projektového riadenia v priemyselných podnikoch  |c Branislav Trenčan, Peter Halada 
520 |a Organizačné aspekty prechodu riadenia priemyselných podnikov na systém projektového riadenia. Problémy skúmaných podnikov ovplyvňujúce výber organizačných aspektov implementácie. Predpokladané prínosy a riziká plynúce z implementácie projektového riadenia. 
610 2 0 |a riadenie projektové 
610 2 0 |a štruktúra organizačná 
610 2 0 |a manažéri 
610 2 0 |a projektovanie 
610 2 0 |a projekty organizačné 
610 2 0 |a podnik priemyselný 
100 1 |a Trenčan, Branislav 
700 1 |a Halada, Peter